000 00259nam a2200097Ia 4500
001 650101
005 20250826154353.0
008 250824s9999 xx 000 0 und d
245 0 _aParbat Dağının Esrarı Gökkuş Diz
_cGülten Dayıoğlu
260 _bALTIN
999 _c650101
_d650101